000 00993nam a22002657a 4500
010 _aENG-97741
020 _a9780415551557
_c595.00
035 _aEN-81274
035 _aB-441081
037 _bDBAD/PUB
037 _bAllied Publishers
082 _a333
245 _aRiver water sharing :
_btransboundary conflict and cooperation in India /
_cedited by N. Shanta Mohan, Sailen Routray [and] N. Sashikumar
260 _aNew Delhi
_bRoutledge Taylor and Francis Group
_c2010
270 _a912 Tolstoy House, 15-17 Tolstoy Marg
_bNew Delhi
_e110001
300 _axi, 192p.
_c22cm (Hb)
500 _aIncludes index
650 _aWater resource development
650 _aWater supply- Political aspect
700 _aMohan N. Shantha
_94144
700 _aRoutray, Sailen
_94145
700 _aSashikumar, N
_94146
942 _2ddc
_cEN
_h333
_mRIV
999 _c38637
_d38637